Medzinárodný manažment ľudských zdrojov

Medzinárodný manažment ľudských zdrojov má v porovnaní s domácim modifikované pole pôsobnosti a základné funkcie. Manažér nadnárodnej spoločnosti musí byť schopný riadiť pracovníkov v medzinárodnom prostredí. Vzhľadom k početným odlišnostiam, s ktorými sa pracovníci z krajiny pôvodu v zahraničných p...

Descrizione completa

Salvato in:
Dettagli Bibliografici
Autore principale: Matušovičová, Monika, 1967-
Natura: Capitolo di libro
Lingua:slovacco
Soggetti:
Tags: Aggiungi Tag
Nessun Tag, puoi essere il primo ad aggiungerne!!

MARC

LEADER 00000nla$a2200000$$$4500
001 0120621
005 20240502072347.8
041 0 |a slo 
044 |a SK 
245 1 0 |a Medzinárodný manažment ľudských zdrojov  |c Monika Matušovičová 
520 |a Medzinárodný manažment ľudských zdrojov má v porovnaní s domácim modifikované pole pôsobnosti a základné funkcie. Manažér nadnárodnej spoločnosti musí byť schopný riadiť pracovníkov v medzinárodnom prostredí. Vzhľadom k početným odlišnostiam, s ktorými sa pracovníci z krajiny pôvodu v zahraničných pobočkách stretávajú, je potrebné venovať náležitú pozornosť procesom expatriácie. Spoločnosti, ktoré sa rozhodnú pôsobiť medzinárodne a uplatňovať tak medzinárodné riadenie ľudských zdrojov, musia brať do úvahy všetky faktory, ktoré majú vplyv na úspech expatriotov. 
610 2 0 |a zdroje ľudské 
610 2 0 |a kapitál ľudský 
610 2 0 |a riadenie ľudských zdrojov 
610 2 0 |a práca v zahraničí 
610 2 0 |a spoločnosti nadnárodné 
100 1 |a Matušovičová, Monika, 1967-